| 000 | 00373nam a2200157Ia 4500 | ||
|---|---|---|---|
| 999 |
_c11321 _d11321 |
||
| 003 | OSt | ||
| 005 | 20230309155128.0 | ||
| 008 | 230307s9999 xx 000 0 und d | ||
| 020 | _a9781138583061 | ||
| 082 |
_a729.29 _bVIG |
||
| 100 | _aTor Erik Vigran | ||
| 245 | 0 | _aBuilding Acoustics | |
| 260 |
_aUSA _bTaylor and Francis _c2008 |
||
| 300 | _axvii,362p.; | ||
| 942 | _2ddc | ||